000 00388nam a2200145Ia 4500
001 15444
003 GE_BSU
008 181216s||||||||xx |||||||||||||| ||und||
040 _cGE_BSU
100 _aჩიქოვანი,სიმონ
245 _aლექსები
245 _cრედ.რაჟდენ გვეტაძე.
653 _aლექსები
942 _cBK
999 _c48547
_d48547